Score 0/14 Timer 02:00
0 Plays Today
Movie Smurf Character % Correct
Happy-Go-_____Lucky
93.6%
A _________ OrangeClockwork
83.9%
_____ McPheeNanny
81.1%
The ___ Who Loved MeSpy
78.5%
____ Was a PreacherPapa
76%
Tinker, ______, Soldier, SpyTailor
73.3%
Bringing Up ____Baby
66.4%
Movie Smurf Character % Correct
______ FairVanity
58.4%
The Heart Is a Lonely ______Hunter
37.1%
The River ____Wild
31.9%
_____ BettyNurse
21.9%
Flight of the _________Navigator
18.7%
The Astronaut ______Farmer
16.1%
Star Trek: ________Nemesis
14.5%

Today's Daily Dose

Remove Ads.
Support Sporcle.
Get the best of Sporcle when you Go Orange. This ad-free experience offers more features, more stats, and more fun while also helping to support Sporcle. Thank you for becoming a member.

You're not logged in!

Compare scores with friends on all Sporcle quizzes.
OR
Log In

Show Comments

Extras

Top Quizzes Today


Score Distribution

Your Account Isn't Verified!

In order to create a playlist on Sporcle, you need to verify the email address you used during registration. Go to your Sporcle Settings to finish the process.

Report this User

Report this user for behavior that violates our Community Guidelines.

Details: